[Event "Chigorin Memorial 07th"]
[Site "St Petersburg"]
[Date "1999.11.04"]
[Round "3"]
[White "Ionov, Sergey"]
[Black "Feoktistov, Alexey A"]
[Result "1-0"]
[WhiteElo "2553"]
[BlackElo "2359"]
[Annotator "Huzman,A"]
[PlyCount "119"]
[EventDate "1999.11.02"]
[EventType "swiss"]
[EventRounds "9"]
[EventCountry "RUS"]
[SourceTitle "CBM 074"]
[Source "ChessBase"]
[SourceDate "2000.02.01"]
[SourceVersion "1"]
[SourceVersionDate "2000.02.01"]
[SourceQuality "1"]

1. d4 d5 2. c4 dxc4 3. e3 Nf6 4. Bxc4 e6 5. Nf3 a6 6. O-O b5 7. Bd3 Bb7 8. a4
b4 9. Nbd2 c5 10. e4 cxd4 11. e5 Nd5 12. Nc4 Be7 (12... Nc6 13. Bg5 Qd7 14. Re1
h6 15. Bh4 g5 16. Bg3 O-O-O 17. Nfd2 Kb8 18. Ne4 Nf4 19. Rc1 Qc7 20. Ncd6 $36 {
1-0 Sturua,Z-Adianto,U/Biel 1998/EXT 99 (31)}) 13. Nxd4 O-O (13... Nc6 14. Nxc6
Bxc6 15. Qg4 Kf8 16. Rd1 $14) 14. Qg4 Kh8 15. Qh3 (15. Qe4 g6 16. Bh6 Re8 17.
Qf3 Kg8 18. Rfd1 $36) 15... g6 16. Bh6 Re8 17. Rad1 Nd7 (17... Nc6 18. Nf3 $1
$40 {[%cal Gh3g4,Gf3g5,Gh2h4]}) 18. a5 Rc8 19. Rfe1 Nc5 20. Bf1 Rc7 21. Nf3 Rd7
22. Qg4 $1 {The plan of the White means to attack the black king with the help
of the pawn h2.Not wanting to realise the plan of the White Black are trying
to get free by move f5.But the arising weaknesses give White clear advantage.}
f5 23. exf6 Nxf6 24. Rxd7 Nxg4 (24... Qxd7 25. Qf4 $16) 25. Rxd8 Rxd8 26. Bg5
$1 Re8 (26... Nf6 27. Nfe5 Kg7 28. f3 $16) 27. Bxe7 Rxe7 28. Nfe5 Nxe5 29. Rxe5
Rc7 30. Ne3 $1 {[%cal Gf1c4]} Kg7 31. Bc4 Kf6 32. f4 $16 {[%csl Ra6,Rb4,Re6]}
Rc6 33. b3 h5 34. Nc2 Nd7 35. Re2 e5 36. Nxb4 Rc5 37. Rd2 ({The decisive
advantage White received after} 37. Ra2 $5 exf4 38. Bxa6 Bxa6 39. Nxa6 Rc1+ 40.
Kf2 Ne5 41. Nb4 $18) 37... Ke7 38. Nd5+ Bxd5 39. Rxd5 Rxd5 (39... exf4 40. Rxc5
Nxc5 41. b4 $18) 40. Bxd5 exf4 41. b4 Kd6 $2 ({Black loose the last chance for
the draw which they could receive after} 41... g5 42. Bb7 Nb8 43. b5 axb5 44.
a6 Nxa6 45. Bxa6 b4 46. Bc4 g4 47. Kf2 f3 $1 48. g3 Kf6 49. Ke3 Ke5 50. Kd3 Kf5
51. Kd4 Kf6 52. Kc5 Ke5 $132) 42. Bc4 Nb8 43. h4 $1 {[%csl Rg6,Rh5]} Nc6 44.
Bxa6 Nxb4 45. Bb5 Kc5 46. Be8 Nd5 47. Bxg6 Kb5 48. Bxh5 Ne3 49. Bf7 Ng4 50. h5
Kxa5 51. Be6 Ne5 52. h6 Kb6 53. h7 Ng6 54. Bf5 Nh8 55. Kf2 Kc7 56. Kf3 Kd6 57.
Kxf4 Ke7 58. Kg5 Kf7 59. Kh6 Kf6 60. Be6 $1 1-0

[Event "Rubinstein Memorial 34th"]
[Site "Polanica Zdroj"]
[Date "1997.08.21"]
[Round "3"]
[White "Krasenkow, Michal"]
[Black "Kaminski, Marcin"]
[Result "1/2-1/2"]
[WhiteElo "2645"]
[BlackElo "2540"]
[Annotator "Huzman,A"]
[PlyCount "61"]
[EventDate "1997.08.19"]
[EventType "tourn"]
[EventRounds "11"]
[EventCountry "POL"]
[EventCategory "16"]
[SourceTitle "CBM 061"]
[Source "ChessBase"]
[SourceDate "1997.11.23"]
[SourceVersion "1"]
[SourceVersionDate "1997.11.23"]
[SourceQuality "1"]

1. d4 d5 2. Nf3 Nf6 3. c4 dxc4 4. e3 e6 5. Bxc4 c5 6. Qe2 a6 7. dxc5 Bxc5 8.
O-O b5 9. Bd3 Nc6 10. Nc3 Bb7 11. Ne4 (11. e4 Nd7 (11... Nd4 12. Nxd4 Bxd4 13.
Rd1 Qb6 14. Bf4 e5 15. Nd5 Nxd5 16. exd5 f6 17. Be3 Bxe3 18. fxe3 Rd8 19. Be4
g6 20. Kh1 f5 21. Bc2 Bxd5 22. e4 Bc4 23. Rxd8+ Qxd8 24. Qe3 O-O 25. exf5 Qd4
26. Re1 {Tregubov,P-Donchenko,A/RUS-Cup8 1997/EXP 58/1/2-1/2 (43)}) 12. Rd1 Qc7
13. Bg5 O-O 14. Rac1 f6 15. Be3 Bxe3 16. Qxe3 Rae8 17. a4 bxa4 18. Nxa4 Qa5 19.
Bc2 Nde5 20. Nxe5 fxe5 21. Qc5 Rd8 22. Qxa5 Nxa5 23. Nc5 Bc8 24. Bd3 Rd4 25.
Bf1 Kf7 {Kortschnoj,V-Huebner,R/Meran cf 1980/CAND/1-0 (43)}) 11... Be7 12. Bd2
O-O 13. a4 (13. Rac1 Qd5 14. Nxf6+ Bxf6 15. e4 Qxa2 16. e5 Be7 17. Be4 Rac8 18.
Qe3 Nd8 19. Rxc8 Bxc8 20. Qa7 Re8 21. Rc1 Qa4 22. Rxc8 Qxe4 23. Qxe7 Qb1+ 24.
Be1 {1-0 Ruban,V-Rublevsky,S/RUS-ch Elista 1995/CBM 50/[Dolmatov]}) 13... b4
14. Rac1 Qb6 $1 (14... Qd5 15. Nxf6+ Bxf6 16. e4 $14 {[%cal Gd2e3]}) 15. Nxf6+
(15. Rfd1 Rfd8 16. Be1 Nd5 $11) 15... Bxf6 {[%csl Rd2]} 16. e4 Nd4 (16... Bxb2
$1 17. Rb1 (17. Be3 Qd8 18. Rcd1 (18. Qxb2 Qxd3 $17) 18... Bc3 (18... Qf6 $5
19. Bg5 Nd4 20. Nxd4 Qxd4 21. Bb1 Qc3 $13 22. Rd7 Bc6 23. Rd2 Ba3 24. Rc2 Qe5)
19. e5 $44 {[%cal Gd3h7]}) 17... Bd4 (17... Ba3 $1 18. Be3 (18. e5 Nd4 $1 19.
Bxh7+ Kxh7 20. Ng5+ Kg6 (20... Kg8 $2 21. Qh5 $16) 21. Qd3+ Nf5 22. Qxa3 bxa3
23. Rxb6 Rab8 $15) 18... Qa5 $17) 18. e5 $44) 17. Nxd4 Bxd4 18. a5 Qxa5 19. Rc4
Rfd8 20. Rxb4 $11 Qc7 21. Rc4 Qb6 22. e5 (22. Rb4 $11) 22... Rac8 (22... Bxe5
$2 23. Qxe5 Rxd3 24. Rg4 $18) 23. Rxc8 Rxc8 {[%csl Ra6,Rb2]} 24. Kh1 Qc6 (24...
Bxb2 $2 25. Rb1 Qd4 26. Be3 Qd5 27. f3 $18 {[%cal Gb1b2,Gd3e4]}) 25. f3 Qd5 26.
Bxa6 Bxa6 27. Qxa6 Ra8 28. Rc1 Qd8 29. Qd6 Bxb2 30. Rb1 Ba3 31. Qxd8+ 1/2-1/2

[Event "Hastings 9899"]
[Site "Hastings"]
[Date "1999.01.05"]
[Round "7"]
[White "Sokolov, Ivan"]
[Black "Miles, Anthony John"]
[Result "1-0"]
[WhiteElo "2620"]
[BlackElo "2590"]
[Annotator "Huzman,A"]
[PlyCount "73"]
[EventDate "1998.12.29"]
[EventType "tourn"]
[EventRounds "9"]
[EventCountry "ENG"]
[EventCategory "13"]
[SourceTitle "CBM 069"]
[Source "ChessBase"]
[SourceDate "1999.04.01"]
[SourceVersion "1"]
[SourceVersionDate "1999.04.01"]
[SourceQuality "1"]

1. d4 d5 2. c4 dxc4 3. e3 Nf6 4. Bxc4 e6 5. Nf3 c5 6. Qe2 a6 7. dxc5 Bxc5 8.
O-O b5 9. Bd3 Nc6 10. Nbd2 O-O 11. Ne4 Be7 12. Nxf6+ Bxf6 13. Qc2 Nb4 14. Bxh7+
Kh8 15. Qb3 (15. Qc5 $142 {[%cal Gc5h5,Gh5h8]} Kxh7 16. Qxb4 {see game.}) 15...
Kxh7 (15... Nxa2 $5 16. Rd1 Nxc1 17. Raxc1 Qb6 18. Be4 Bb7 $11) 16. Qxb4 Bb7
17. Qg4 Rc8 (17... Qd3 $142 $1 18. Re1 (18. Ne5 Bxe5 (18... Qd5 19. Qh3+ Kg8
20. Ng4 Be7 21. f3 f5 22. Nf2 Bf6 $44) 19. Qh5+ Kg8 20. Qxe5 Rac8 21. b3 Qg6
$44 {[%cal Yg6g2,Yb7g2,Gc8c2,Gc2g2]}) 18... Qf5 $1 $44) 18. e4 (18. Nd4 Qd5 $44
) 18... Rc4 (18... Qd3 19. e5 Be7 (19... Bxf3 $2 20. Qh3+ Kg8 (20... Kg6 21.
Qg3+ Kh7 22. exf6 $18) 21. exf6 Be2 22. fxg7 Kxg7 23. Bh6+ Kg6 24. Qh4 $18) 20.
Bg5 Bc5 21. Rad1 $16) 19. Re1 (19. Qh3+ Kg8 20. e5 Bxf3 21. exf6 Bg4 22. Qa3
Qxf6 23. Qxa6 Be2 24. Re1 Rc2 $44) 19... Qa8 (19... Qd3 $1 20. Bg5 $1 (20. Qh5+
Kg8 21. e5 Bxf3 22. Qxf3 Qxf3 23. gxf3 Be7 $44) (20. Qh3+ Kg8 21. e5 Be7 (21...
Bxf3 22. exf6 Rg4 23. fxg7 Rxg7 $44) 22. Be3 Rd8 $44) 20... Rxe4 21. Qh5+ Kg8
22. Bxf6 gxf6 23. Red1 Qc4 (23... Qc2 24. Rd2 Qc6 25. Rad1 $36 {[%csl Rg8]})
24. b3 Qc2 25. Rd2 Qc3 26. Rad1 $36 {[%csl Rg8]}) 20. Nd2 Rd4 (20... Rc2 21. e5
Be7 22. Nf1 (22. Ne4 Bxe4 23. Rxe4 Rfc8 24. Be3 Rxb2 25. Qh5+ Kg8 26. Rg4)
22... Rfc8 23. Ne3 R2c5 24. Qf4) 21. f3 $1 Qa7 $6 (21... Rfd8 22. Nf1 Rd1 23.
Bg5 Bd4+ 24. Kh1 Rxa1 25. Rxa1 Rc8 26. Rd1 Bxb2 27. Rd7 $36) (21... Rc8 22. Nf1
Rdc4 23. Rb1 $14) 22. Kh1 Kg8 (22... Rc8 23. Nf1 Rd3 24. e5 Be7 25. Be3 $16)
23. Nf1 {[%cal Gc1e3,Ge3a7]} Rc4 24. Be3 Qb8 (24... Qa8 $142 25. Re2 Rd8) 25.
Bf4 (25. Re2 $5 Rd8 $44) 25... Be5 (25... e5 26. Bg5 $16 {[%cal Gf1e3,Ge3f5]})
26. Bxe5 Qxe5 27. Ne3 Rc5 28. b3 $16 Rfc8 29. Qg3 (29. Rad1 $5 Qb2 30. Qg3 $40
{[%cal Ge3g4]}) 29... Qb2 (29... Qxg3 30. hxg3 Kf8 31. Rad1 $16) 30. Rad1 (30.
Ng4 $5 Rd8 31. Rad1 $40) 30... Qxa2 31. Ng4 R5c7 (31... Rg5 32. Qh4 $1 Rg6 (
32... f6 33. Rd7 $1 {[%cal Gd7b7,Gd7g7]} Bc6 34. Nxf6+ $18) 33. Rd8+ Rxd8 34.
Qxd8+ Kh7 35. Qh4+ Kg8 36. Rd1 $18) (31... Qb2 32. Nh6+ Kh7 33. Nxf7 $18) 32.
Nf6+ $18 Kf8 33. Qd6+ Re7 34. Qd8+ (34. Ng8 $5 $18) 34... Re8 35. Qd6+ Re7 36.
Nd7+ Ke8 37. Nb6 1-0

[Event "Pamplona 9899 9th"]
[Site "Pamplona"]
[Date "1999.01.04"]
[Round "8"]
[White "Krasenkow, Michal"]
[Black "Vallejo Pons, Francisco"]
[Result "1-0"]
[WhiteElo "2655"]
[BlackElo "2450"]
[Annotator "Huzman,A"]
[PlyCount "103"]
[EventDate "1998.12.27"]
[EventType "tourn"]
[EventRounds "9"]
[EventCountry "ESP"]
[EventCategory "13"]
[SourceTitle "CBM 069"]
[Source "ChessBase"]
[SourceDate "1999.04.01"]
[SourceVersion "1"]
[SourceVersionDate "1999.04.01"]
[SourceQuality "1"]

1. d4 d5 2. Nf3 Nf6 3. c4 dxc4 4. e3 e6 5. Bxc4 c5 6. Qe2 cxd4 7. exd4 Be7 8.
O-O O-O 9. Nc3 Nc6 10. Rd1 Na5 11. Bd3 b6 12. Bg5 (12. Ne5 Bb7 13. Qe3 Nd5 14.
Qh3 f5 15. Bb5 Qd6 16. Qg3 Rad8 $13 {Lengyel-Van Scheltinga,T/ Beverwijk 1965})
(12. Be3 Bb7 13. Ne5 Rc8 14. Rac1 Nd5 15. Qh5 f5 16. Qe2 Bf6 $11 {0-1 Kiselev,
S-Legky,N/Sevastopol 1997 (33)}) (12. Qe5 Nc6 13. Qg3 Nh5 14. Qg4 Nf6 15. Qh4
Nb4 16. Bb1 Bb7 17. Bg5 g6 18. Be4 Bxe4 19. Nxe4 Nbd5 20. Nc3 Rc8 21. Rac1 $14
{1/2-1/2 Atalik,S-Komarov,D/JUG Cup 1998 (52)}) 12... Bb7 13. Ne5 (13. Bxf6
Bxf6 14. Ne5 (14. Be4 Bxe4 15. Nxe4 Rc8 16. Ne5 Rc7 17. Qb5 Be7 18. d5 exd5 19.
Rxd5 Qc8 20. Rad1 Qe6 $11 {0-1 Sukharisingh,R-Legky,N/Budapest FS09 GM 1996 
(57)}) 14... g6 15. Be4 Qe7 16. Bxb7 Nxb7 17. Nc6 Qd7 18. Qf3 Bg7 19. d5 Bxc3
20. Qxc3 $36 {1/2-1/2 Lukacs,P-Niklasson,C/Makarczyk mem+ 1978 (28)}) (13. Bc2
Nd5 14. Bd2 Rc8 15. Ne5 Nc6 16. Qe4 Nf6 17. Nxc6 Bxc6 18. Qh4 g6 19. Qh3 Qd7
$11 {1/2-1/2 Zaltsman,V-Bjarnason,S/Reykjavik op 1982 (45)}) (13. h4 Rc8 14.
Rac1 h6 15. Bxf6 Bxf6 16. h5 Re8 17. b4 Bxf3 18. Qxf3 Nc6 19. Nb5 Nxd4 20. Qe4
Rxc1 21. Rxc1 $44 {1/2-1/2 Lputian,S-Komarov,D/Reggio Emilia 9798 1997 (40)}) (
13. Re1 $5 {[%cal Ga1d1]} Rc8 $6 (13... Bxf3 $5) 14. Rad1 $14 {1-0 Mikhalevski,
V-Lev,R/ISR-chT 1998 (57)}) (13. Rac1 Nd5 14. Qe4 g6 15. Qh4 f6 16. Bh6 Rf7 17.
Qh3 Nxc3 18. bxc3 Ba3 19. Rc2 Qd7 20. Re1 Re8 21. Rce2 Bd5 22. Nd2 b5 $132 {
1/2-1/2 Donner,J-Van Scheltinga,T/IBM 1964 (40)}) (13. Rd2 Nd5 14. Qe4 g6 15.
Qh4 f6 16. Bh6 Rf7 17. Qg4 f5 18. Qg3 Bd6 19. Ne5 Nxc3 20. bxc3 Qc7 21. Bf1 Rc8
22. Rad1 Nc6 23. f4 $36 {1-0 Brinck Claussen,B-Van Scheltinga,T/Hoogovens-B
1971 (33)}) (13. Ba6 Bxa6 14. Qxa6 Qc8 15. Qe2 Qb7 16. d5 exd5 17. Bxf6 Bxf6
18. Nxd5 $14 {1-0 Kunsztowicz,U-Hermann,M/GER-ch Bad Neuenahr 1982 (27)}) 13...
Rc8 (13... Nd5 14. Bd2 Bg5 15. Be4 Bxd2 16. Rxd2 Nxc3 17. bxc3 Bxe4 18. Qxe4
Rc8 19. Rd3 Qd5 $15 {1/2-1/2 Jelen,I-Barle,J/Ljubljana 1981 (34)}) 14. Rac1 (
14. Bxf6 Bxf6 15. Be4 Qe7 16. Bxb7 Nxb7 17. Ng4 Nd6 {1/2-1/2 Valdes,L-Baron
Rodriguez,J/Capablanca mem Masters I 1998}) 14... Nd5 15. Qh5 (15. Bxe7 Qxe7
16. Nxd5 Bxd5 17. Rc3 Rxc3 18. bxc3 Rc8 19. c4 Bb7 20. h3 $14 {Djuric,
L-Mascarinas,Rico/Subotica (Yugoslavia) 1984}) 15... g6 (15... f5 $5 16. Bd2 (
16. Bxe7 Qxe7 $11) 16... Nf6 (16... Nxc3 17. bxc3 Qd5 18. Qh3 Bd6 $5 (18... Bf6
19. c4 $1 Qxd4 20. Bc3 Qh4 21. Qxh4 Bxh4 22. Bxa5 bxa5 23. c5 $44) 19. Bf4 (19.
c4 Qxd4 20. Nd7 (20. Bc3) 20... Bc5 $1 (20... Bxh2+ 21. Qxh2 Qxd7 22. Bxa5 bxa5
23. Bxf5 Qxd1+ 24. Rxd1 Rxf5 25. Qd6 $18) 21. Nxf8 Qxf2+ 22. Kh1 Rxf8 $44) (19.
Re1 Qxa2 20. Bf4 Qd5 $13) 19... Bxe5 20. Bxe5 Nc4 $11)) 16. Nxg6 fxg6 17. Bxg6
hxg6 18. Qxg6+ Kh8 19. Qh6+ Kg8 20. Qg6+ Kh8 21. Qh5+ (21. Rd3 Bxg5 22. Rh3+
Bh4 23. Qh6+ (23. Qh5+ Kg7 24. Rxh4 Nf6 $17) (23. g3 Rc7 $1 24. Rxh4+ Qxh4 $19)
23... Kg8 24. Rxh4 Kf7 25. Qh7+ Ke8 26. Re1 (26. Qg6+ Kd7 $19) 26... Qe7 27.
Rxe6 Qxe6 28. Re4 Qxe4 29. Qxe4+ Ne7 $19) 21... Kg8 (21... Kg7 $2 22. Bh6+ Kh7
(22... Kf6 23. Ne4#) 23. Bxf8+ Kg8 24. Bh6 Bf8 25. Qg6+ Kh8 26. Nxd5 exd5 (
26... Bxd5 27. Bg5 $18) 27. Rd3 $1 $18 {[%cal Gd3h3]}) 22. Bh6 $6 {It was
objectively better rto give perpetual check, but to win a game You need to
take a risk!} (22. Qg6+ $11) 22... Bf6 (22... Rf6 $1 23. Ne4 (23. Rd3 Qe8 $1
24. Rg3+ Kh7 25. Rg7+ Kh8 26. Qg5 {[%cal Gg7h7]} (26. Qh3 Bf8 $19) 26... Qf8
$19 27. Rh7+ (27. Re1 Rf7 $19) 27... Kxh7 28. Bxf8 Bxf8 $19) 23... Rxh6 $1 (
23... Rxc1 24. Rxc1 (24. Qg5+ Kf7 25. Qg7+ Ke8 26. Nxf6+ (26. Rxc1 Rf5 $19)
26... Bxf6 27. Qg6+ Kd7 $17) (24. Nxf6+ Bxf6 25. Qg6+ Kh8 26. Bxc1 {[%cal
Gd1d3,Gd3h3]} (26. Rxc1 Qg8 $19) 26... Ba6 27. Re1 Qe7 28. Re4 $44) 24... Rxh6
25. Qxh6 Bf6 (25... Qf8 26. Qxe6+ Qf7 27. Qg4+ $44) (25... Bc8 $5 26. b4 Nb7
$13) 26. Rc3 $1 Kf7 (26... Nxc3 27. Nxf6+ Kf7 28. Qh7+ Kf8 29. Qg8+ Ke7 30.
Qg7+ Kd6 31. bxc3 $16) 27. Rf3 $40) 24. Qxh6 Bf6 (24... Rxc1 25. Qxe6+ Kg7 26.
Rxc1 $36) 25. Rxc8 Bxc8 26. Rd3 Bg7 27. Rg3 Qe7 $17) 23. Nxd5 Rxc1 (23... exd5
$5 24. Qg6+ Kh8 25. Bxf8 Qxf8 26. Rxc8 Bxc8 27. Rd3 Qg7 (27... Qe7 $6 28. Re3
Be6 29. g4 $1 $18) (27... Bg7 $6 28. Rf3 (28. Qh5+ Kg8 29. Qxd5+ Qf7 30. Qd8+
Qf8 $11) 28... Qg8 29. g4 $1 Qe6 30. Rh3+ Kg8 31. Qh7+ Kf8 32. Rf3+ Bf6 33. Qg6
Qxg4+ 34. Qxg4 Bxg4 35. Rxf6+ $16) 28. Qe8+ Qg8 29. Re3 $1 (29. Qh5+ Qh7 30.
Qe8+ Qg8 $11) 29... Nc4 30. Qxg8+ (30. Qh5+ Qh7 31. Re8+ Kg7 32. Qxh7+ Kxh7 33.
Rxc8 Nxb2 $132) 30... Kxg8 31. Re8+ Kf7 32. Rxc8 Nxb2 $132) 24. Rxc1 Bxd5 (
24... exd5 $2 25. Qg6+ Kh8 26. Bxf8 Qxf8 27. Rc3 Bc8 28. Rf3 $18) 25. Qg6+ Kh8
26. Bxf8 Qxf8 27. Rc7 Bg7 28. Rf7 Qg8 {[%tqu "En","Try to find a winning idea
for White","","","f7f4","",10,"f7e7","",0]} 29. Rf4 (29. Re7 $1 Bc6 30. b4 Nc4
31. b5 $1 Bxb5 32. Qh5+ Qh7 33. Qxb5 $16) 29... Qd8 30. Rf7 Qg8 31. Rf4 Qd8 32.
g3 (32. Qh5+ Kg8 33. Qf7+ Kh8 34. g3 Qg5 $1 $11) 32... Nc6 $2 (32... e5 $1 33.
dxe5 {[%cal Ge5e6]} (33. Rh4+ Kg8 34. Qh7+ Kf8 $17) (33. Rg4 Qd7) 33... Bxa2 (
33... Nc6 $2 34. e6) 34. Rh4+ (34. e6 $2 Qd1+ 35. Kg2 Qd5+ 36. f3 Qxe6 $17)
34... Kg8 35. Qh7+ Kf8 36. Qf5+ $11) 33. Qh5+ Kg8 34. Qf7+ Kh8 35. Qh5+ Kg8 36.
Qf7+ Kh8 37. Rg4 Qf6 38. Rh4+ Qxh4 39. gxh4 $16 a5 (39... Bxd4 40. h5 Bxb2 41.
h6 $18 {[%cal Gh6h7]}) 40. h5 Nxd4 41. Qc7 $1 b5 42. Qxa5 $18 Nf3+ 43. Kg2 Bxb2
44. Kh3 $1 Bd4 45. Qxb5 Kg7 46. Qe8 $1 (46. a4 Bxf2 47. Qe8 $18) 46... Ng5+ (
46... Bxf2 47. Qg6+ Kh8 48. h6 Bd4 49. a4 $18) 47. Kg4 Nf7 (47... Ne4 48. Qg6+
Kh8 (48... Kf8 49. f3 Nf6+ 50. Kh4 Bxa2 51. Qh6+ $1 Kf7 52. Qd2 $18) 49. a4
Nxf2+ 50. Kh4 $18) 48. Kg3 Be5+ 49. f4 Bc3 50. Qd7 (50. Qe7 $5 Bf6 51. Qc7 $18)
50... Be1+ 51. Kh3 Bxa2 $2 (51... Kf6 $142 52. a4 $18) 52. Qd1 $1 {[%cal Gd1a1,
Ga1g7,Ga1a2]} 1-0

[Event "EU-Cup 18th"]
[Site "Kallithea"]
[Date "2002.09.28"]
[Round "7.3"]
[White "Lputian, Smbat G"]
[Black "Horvath, Adam"]
[Result "0-1"]
[WhiteElo "2634"]
[BlackElo "2476"]
[Annotator "Huzman,A"]
[PlyCount "66"]
[EventDate "2002.09.22"]
[EventType "team-swiss"]
[EventRounds "7"]
[EventCountry "GRE"]
[SourceTitle "CBM 092"]
[Source "ChessBase"]
[SourceDate "2003.02.06"]
[SourceVersion "1"]
[SourceVersionDate "2003.02.06"]
[SourceQuality "1"]
[WhiteTeam "Kiseljak"]
[BlackTeam "Zalaegerszeg"]
[WhiteTeamCountry "BIH"]
[BlackTeamCountry "HUN"]

1. d4 d5 2. Nf3 Nf6 3. c4 dxc4 4. e3 e6 5. Bxc4 c5 6. Qe2 a6 7. dxc5 Bxc5 8. e4
b5 9. Bd3 Nc6 10. Nbd2 Ng4 11. O-O Nge5 12. Nxe5 Nxe5 13. Bc2 O-O (13... Bb7
14. a4 b4 15. Nb3 Bb6 16. a5 Ba7 17. Bd2 Qe7 18. Qh5 Nc6 19. e5 $16 {1-0
Parker,J-Duncan,C/England 1999/EXT 2000 (35)}) 14. Nb3 Bb6 15. Rd1 (15. Bf4 Ng6
16. Be3 Bxe3 17. Qxe3 Qf6 18. Rab1 e5 19. Rfd1 Nf4 20. Rd2 Be6 $15 {0-1 Van
der Werf,M-Skripchenko Lautier,A/Cannes 1997/CBM 57 ext (31)}) 15... Qf6 ({
Black has missed an opportunity to seize initiative by} 15... Qh4 $1 16. Nd4 (
16. h3 Bb7 17. Be3 Bxe3 18. Qxe3 Nc4 $17) 16... Bb7 17. a4 Rac8 $36) 16. Rb1
Bb7 17. Be3 Bxe3 18. Qxe3 Rac8 19. Bd3 $11 Nxd3 (19... Qg6 20. f3 Nxd3 21. Rxd3
Rc2 22. Rd2 $11) 20. Rxd3 Rc2 21. Rd2 Rxd2 22. Nxd2 Rd8 23. f3 {[%cal Gd2b3,
Gb3c5]} h6 24. Nb3 e5 25. Rc1 $14 {[%csl Ra6,Rb5][%cal Gb3c5,Gb2b4]} Bc8 26. a3
Be6 27. Nc5 Bc8 28. h3 (28. b4 $5) 28... a5 29. Nd3 $2 {[%cal Gc1c5,Gc5a5,
Gc5e5][%mdl 8192]} Bxh3 $1 30. g4 $4 (30. gxh3 Rxd3 31. Qxd3 Qg5+ 32. Kf2 Qxc1
33. Qxb5 $11) 30... h5 $19 31. gxh5 $2 (31. Rc5 hxg4 32. Nf2 Qg6 33. fxg4 Bxg4
34. Qg3 Qb6 35. Qxe5 Be2 $19) 31... Rxd3 32. Qxd3 Qg5+ 33. Kf2 Qxc1 0-1

[Event "POL-ch 60th"]
[Site "Warsaw"]
[Date "2003.04.22"]
[Round "1"]
[White "Krasenkow, Michal"]
[Black "Markowski, Tomasz"]
[Result "1/2-1/2"]
[WhiteElo "2609"]
[BlackElo "2587"]
[Annotator "Huzman,A"]
[PlyCount "81"]
[EventDate "2003.04.22"]
[EventType "tourn"]
[EventRounds "13"]
[EventCountry "POL"]
[EventCategory "12"]
[SourceTitle "CBM 095"]
[Source "ChessBase"]
[SourceDate "2003.07.25"]
[SourceVersion "1"]
[SourceVersionDate "2003.07.25"]
[SourceQuality "1"]

1. d4 d5 2. Nf3 Nf6 3. c4 dxc4 4. e3 e6 5. Bxc4 a6 6. Qe2 Nbd7 7. e4 (7. a4 Be7
8. e4 Nb6 9. Bb3 c5 10. a5 Nbd7 11. e5 Nd5 12. Nc3 Nxc3 13. bxc3 cxd4 14. cxd4
b6 15. Qe4 Rb8 16. Qg4 $36 {1-0 Barbero,G-Sarkany,P/Lenk 1993/EXT 97 (29)}) (7.
O-O c5 8. dxc5 Bxc5 9. e4 b5 10. Bd3 Bb7 11. a4 b4 12. Nbd2 e5 13. Nc4 O-O 14.
Bg5 Re8 $11 {0-1 Arlandi,E-Efimov,I/Montecatini Terme 1997/EXT 99 (44)}) 7...
b5 8. Bb3 (8. Bd3 c5 9. d5 c4 10. Bc2 Qc7) 8... Bb7 (8... c5 9. e5 Nd5 10. Bxd5
exd5 11. O-O Be7 12. Nc3 Bb7 13. e6 $36) 9. e5 Nd5 10. Nc3 Nxc3 (10... N7b6 11.
Ne4 Bb4+ 12. Kf1 (12. Bd2 $4 Nf4 $19) 12... Be7 13. h4 $36) 11. bxc3 c5 12. O-O
Be7 13. d5 (13. Rd1 cxd4 14. cxd4 Nb6 $15) 13... c4 (13... Bxd5 14. Bxd5 exd5
15. e6 fxe6 16. Qxe6 Nf6 17. Ne5 $40) (13... exd5 $5 14. e6 fxe6 15. Qxe6 Qb6
16. Qe2 (16. Bxd5 Qxe6 17. Bxe6 Bf6 18. Bg5 Bxf3 19. Bxf6 Nxf6 20. gxf3 Kd8 $17
) (16. Ng5 Qxe6 17. Nxe6 Kf7 18. Nc7 c4 $19) 16... Nf6 17. Bg5 Qd6 18. Rfe1 Ne4
19. Bxe7 Qxe7 20. Nd2 c4 21. Bc2 O-O $11) 14. dxe6 cxb3 (14... fxe6 15. Bc2 O-O
16. Nd4 $36) 15. exd7+ (15. exf7+ Kf8 16. axb3 Bxf3 17. gxf3 Nc5 $17) 15...
Qxd7 16. axb3 O-O $44 17. Nd4 $1 (17. Rd1 Qc7 18. Rd3 Rad8 19. Nd4 Bc5 $44)
17... Qd5 18. f4 $1 (18. Qf3 Qxf3 19. Nxf3 Rac8 20. Bd2 Rfd8 $15) (18. Qg4 Qxe5
19. Bf4 Qd5 $1 (19... Qf6 20. Rfe1 Rfe8 21. Qd7 Qxf4 (21... Bxg2 22. Bg3 $1 $16
{[%csl Rg2]}) 22. Qxb7 Bc5 $11) 20. Rfd1 Bf6 $15) 18... Bc5 19. Be3 b4 $2 (
19... Bxd4 20. Bxd4 Qxb3 21. f5 $40) (19... a5 $5 20. Kh1 (20. Qg4 Ra6 $1 $44 {
[%cal Ya6g6]}) (20. Nf5 Bxe3+ 21. Nxe3 Qxb3 $15) 20... Qe4 21. Rfe1 a4 $44) 20.
Nf5 $2 (20. Ra5 $1 bxc3 21. b4 Qxg2+ 22. Qxg2 Bxg2 23. Kxg2 (23. bxc5 $5 Bxf1
24. Kxf1 $18) 23... Bxb4 24. Ra4 a5 25. Nc2 $18) 20... Qe4 (20... bxc3 21. Bxc5
Qxc5+ 22. Qf2 $14 {[%cal Gf5d6]}) 21. cxb4 (21. c4 Rad8 22. Rad1 Rxd1 23. Rxd1
f6 $1 $132 (23... Bxe3+ 24. Nxe3 Qxf4 25. Nd5 $36)) 21... Bxe3+ 22. Nxe3 Rfd8
23. Rae1 (23. Rad1 Rxd1 24. Rxd1 Qxf4 $44) (23. Ra2 Rd3 24. Nc4 Qxe2 25. Rxe2
Rxb3 26. Rb2 Rxb2 27. Nxb2 Rc8 $44) 23... Rd3 24. Nc4 Qxe2 25. Rxe2 Rxb3 26.
Nd6 Rxb4 27. f5 {[%cal Ge5e8]} a5 28. Rd1 (28. e6 $2 fxe6 29. Rfe1 (29. fxe6
Ba6 $17) 29... e5 $11) 28... a4 29. e6 fxe6 30. fxe6 Bc6 31. e7 Rbb8 32. Rdd2
g6 33. g4 h6 34. h4 a3 35. g5 hxg5 36. hxg5 Ra5 $11 37. e8=Q+ Bxe8 38. Nxe8
Rxg5+ 39. Kf2 Rf5+ 40. Kg2 Rg5+ 41. Kf2 1/2-1/2

[Event "Rubinstein Memorial 36th"]
[Site "Polanica Zdroj"]
[Date "1999.08.26"]
[Round "9"]
[White "Van Wely, Loek"]
[Black "Milov, Vadim"]
[Result "1/2-1/2"]
[WhiteElo "2629"]
[BlackElo "2626"]
[Annotator "Huzman,A"]
[PlyCount "102"]
[EventDate "1999.08.17"]
[EventType "tourn"]
[EventRounds "9"]
[EventCountry "POL"]
[EventCategory "15"]
[SourceTitle "CBM 073"]
[Source "ChessBase"]
[SourceDate "1999.12.01"]
[SourceVersion "1"]
[SourceVersionDate "1999.12.01"]
[SourceQuality "1"]

1. d4 d5 2. c4 dxc4 3. Nf3 a6 4. e3 e6 5. Bxc4 c5 6. dxc5 Qxd1+ 7. Kxd1 Bxc5 8.
b3 (8. a3 Nf6 9. b4 Bd6 10. Bb2 Nbd7 11. Ke2 Nb6 12. Bb3 Bd7 13. Nc3 Rc8 14.
Nd2 Bc6 15. f3 Ke7 16. Rac1 Rc7 17. Kf2 Rhc8 $11 {0-1 Montalvo,A-Baburin,A/
Erevan 1996/EXT 97 (50)}) 8... Nf6 9. Nbd2 b6 (9... b5 10. Bd3 Bb7 11. Bb2 Nbd7
) 10. Bb2 Bb7 11. Ke2 Nbd7 12. g4 $5 h6 (12... Nxg4 13. Rhg1 Ngf6 14. Rxg7 $36)
(12... O-O 13. g5 Nd5 14. Bd3 $36 {[%cal Gd2e4]}) 13. Rhg1 (13. h4 Nxg4 14.
Bxg7 (14. Rhg1 Ndf6) 14... Rg8 15. Bb2 $140 Nxe3 $1 $17) 13... g5 14. Ne5 Nxe5
15. Bxe5 Ke7 $11 16. Bd3 Rhc8 17. a3 Nd7 18. Bg3 (18. Bb2 Bd6 $15 {[%cal Yd7c5,
Yd7e5]}) 18... Bd6 19. Bxd6+ Kxd6 $15 {[%csl Rg4] /=} 20. Rac1 Rxc1 21. Rxc1
Rc8 22. Rxc8 Bxc8 23. b4 Ne5 24. Nc4+ Nxc4 25. Bxc4 Ke5 26. Kd2 f5 27. gxf5
exf5 28. Bd3 $11 {[%cal Gd3h7]} a5 29. bxa5 bxa5 30. Kc3 f4 31. Kd2 Bg4 32. Bb5
Bf3 33. Ba6 Be4 34. Bb5 Bd5 35. Bd3 Bc6 36. Bc2 Bb5 37. Bg6 Ba6 38. Bc2 Bb7 39.
Bd3 Bd5 40. Bc2 Bf7 41. Bd3 Be6 42. Bc2 Bd5 43. Bd3 Be4 44. Bb5 h5 45. Be2 f3
46. Bb5 h4 47. Bd7 Bf5 48. Bc6 Bg4 49. Kc3 Bc8 50. Bb5 Bb7 51. Bc4 Bc6 1/2-1/2